[Event "Mechanics' Summer TNM; G/2 d/5"]
[Site "San Francisco"]
[Date "2018.05.29"]
[Round "1.40"]
[White "Enkhjargal, Gabriel"]
[Black "Azimzadeh, Farhad"]
[Result "1-0"]
[WhiteElo "954"]
[BlackElo "1622"]
[PlyCount "73"]
[EventDate "2018.??.??"]
[Source "ChessBase"]
[SourceDate "2007.09.04"]

1. d4 d6 2. c4 e6 3. Nc3 g6 4. Nf3 Bg7 5. Bf4 b6 6. e3 Bb7 7. Bd3 Nf6 8. O-O
Nc6 9. Qc2 Nb4 10. Qa4+ Nc6 {Diagram [#]} 11. Ne4 (11. d5) 11... O-O 12. Nxf6+
Qxf6 $4 13. Bg5 Qxf3 14. gxf3 h6 15. Bh4 g5 16. Bg3 h5 17. h3 f5 18. Qc2 Ne7
19. f4 h4 20. Bh2 Bf6 21. e4 Bxd4 22. exf5 exf5 23. Rae1 Rf7 24. fxg5 Raf8 25.
Qd2 f4 26. g6 Rg7 27. Be4 Bc8 28. Qxd4 Bxh3 29. Bd5+ Nxd5 30. Qxd5+ Kh8 31.
Qh5+ Kg8 32. Bxf4 Rxf4 33. Re8+ Rf8 34. Rxf8+ Kxf8 35. Qh8+ Rg8 36. Qf6+ Ke8
37. Qf7+ 1-0

[Event "Mechanics' Spring TNM; G/2 d5"]
[Site "San Francisco"]
[Date "2018.04.17"]
[Round "5.49"]
[White "Enkhjargal, Gabriel"]
[Black "Boldt, Tim"]
[Result "0-1"]
[WhiteElo "943"]
[BlackElo "1329"]
[PlyCount "74"]
[EventDate "2018.??.??"]
[Source "ChessBase"]
[SourceDate "2007.09.04"]

1. e4 e6 2. d4 d5 3. exd5 exd5 4. Nc3 Nf6 5. Bg5 c5 6. Qe2+ Be6 7. Bxf6 gxf6 8.
Nf3 Nc6 9. Qb5 Qc7 10. dxc5 O-O-O 11. g3 Bg4 12. Bg2 Bxf3 13. Bxf3 Nd4 14. Bg4+
f5 15. Qd3 Qe5+ 16. Be2 Bxc5 17. O-O-O Nxe2+ 18. Qxe2 Qxe2 19. Nxe2 Bxf2 20.
Rhf1 Be3+ 21. Kb1 Rd7 22. Rxf5 Rhd8 23. Rd3 Re8 24. Rfxd5 Rxd5 25. Rxd5 Bg1 26.
Rd1 Bxh2 27. Rd2 Bxg3 28. c3 Be5 29. Rd5 f6 30. Ra5 Bc7 31. Rxa7 Rxe2 32. Ra8+
Bb8 33. Ra4 Re8 34. b4 f5 35. b5 f4 36. Rb4 f3 37. Rb2 Re2 0-1

[Event "Mechanics' Spring TNM; G/2 d5"]
[Site "San Francisco"]
[Date "2018.05.08"]
[Round "8.40"]
[White "Enkhjargal, Gabriel"]
[Black "Brown, Nicholas M"]
[Result "0-1"]
[WhiteElo "943"]
[BlackElo "1490"]
[PlyCount "96"]
[EventDate "2018.??.??"]
[Source "ChessBase"]
[SourceDate "2007.09.04"]

1. d4 Nf6 2. c4 g6 3. Nc3 d5 4. Nf3 Bg7 5. Bf4 dxc4 6. e4 O-O 7. Bxc4 Nh5 8.
Be3 Bg4 9. h3 Bxf3 10. Qxf3 Bxd4 11. Bxd4 Qxd4 12. Bb3 Qf6 13. Qxf6 Nxf6 14. e5
Ne8 15. Nd5 Nc6 16. O-O e6 17. Nf4 Nxe5 18. Rfe1 Nc6 19. Rac1 Ng7 20. Ba4 Nd4
21. Rxc7 b5 22. Bd1 Rfc8 23. Rxc8+ Rxc8 24. Bg4 h5 25. Rd1 Rd8 26. Ne2 e5 27.
Nxd4 hxg4 28. hxg4 exd4 29. Kf1 Ne6 30. Ke2 g5 31. b4 Rc8 32. Kf3 Rc4 33. a3
Rc3+ 34. Ke4 Rxa3 35. Rd3 Rxd3 36. Kxd3 Kf8 37. g3 Ke7 38. f3 Kd6 39. Ke4 f6
40. f4 gxf4 41. gxf4 d3 42. Kxd3 Nxf4+ 43. Ke4 Nd5 44. Kd3 Nxb4+ 45. Kc3 Nd5+
46. Kb2 a5 47. Ka1 b4 48. g5 fxg5 0-1

[Event "Mechanics' Bedjanian TNM; G/2 d/5"]
[Site "San Francisco"]
[Date "2018.12.11"]
[Round "8.31"]
[White "Enkhjargal, Gabriel"]
[Black "Chan, John"]
[Result "0-1"]
[WhiteElo "1007"]
[BlackElo "1546"]
[PlyCount "72"]
[EventDate "2018.??.??"]
[Source "ChessBase"]
[SourceDate "2007.09.04"]

1. d4 Nf6 2. c4 h6 {His Signature.} 3. Nc3 c6 4. Nf3 d6 5. Bf4 Bf5 6. e3 Nbd7
7. Bd3 Bg4 8. Be2 g6 9. h3 Bxf3 10. Bxf3 Bg7 11. Qd2 e5 12. Bg3 O-O 13. O-O Re8
14. d5 e4 15. Be2 Ne5 16. Rad1 c5 17. f4 exf3 18. Bxf3 Nxc4 19. Qd3 Nxe3 20.
Bh4 g5 21. Bg3 Nxf1 22. Rxf1 a6 23. b3 b5 24. Ne4 Nxe4 25. Bxe4 Qe7 26. Bh7+
Kh8 27. Bf5 Bd4+ 28. Kh1 Rad8 29. b4 Qa7 30. a3 Re3 31. Qd2 Rxg3 32. Bc2 Qe7
33. Qe1 Qxe1 34. Rxe1 Kg7 35. Kh2 Rxa3 36. bxc5 Bxc5 0-1

[Event "Mechanics' Bedjanian TNM; G/2 d/5"]
[Site "San Francisco"]
[Date "2018.11.20"]
[Round "5.23"]
[White "Enkhjargal, Gabriel"]
[Black "Cohee, James"]
[Result "0-1"]
[WhiteElo "1007"]
[BlackElo "1625"]
[PlyCount "124"]
[EventDate "2018.??.??"]
[Source "ChessBase"]
[SourceDate "2007.09.04"]

1. d4 d5 2. c4 c6 3. Nc3 Nf6 4. Nf3 e6 5. Bg5 h6 6. Bh4 Be7 7. e3 Nbd7 8. Bd3
O-O 9. O-O Re8 10. Qc2 dxc4 11. Bxc4 b5 12. Bd3 Bb7 13. Rfe1 a6 14. e4 Rc8 15.
e5 Nd5 16. Bxe7 Qxe7 17. Nxd5 cxd5 18. Qd2 Rc7 19. Rac1 Rec8 20. Rxc7 Rxc7 21.
Qa5 Qd8 22. Bf1 Qc8 23. g3 Rc2 24. Qb4 Nb6 25. a4 Nxa4 26. b3 Nb6 27. Bd3 Qc3
28. Qxc3 Rxc3 29. Re3 b4 30. Nd2 a5 31. Bb5 Bc6 32. Bxc6 Rxc6 33. f4 Rc3 34.
Kf2 a4 35. bxa4 Nxa4 36. Ke2 Nb2 37. Nb3 Rc2+ 38. Ke1 Rxh2 39. Nc5 Nc4 40. Na6
Nxe3 41. Nxb4 Nf5 42. g4 Nxd4 43. Nd3 Nf3+ 44. Kf1 Rd2 45. Nf2 d4 46. Ne4 Rc2
47. f5 Nh2+ 48. Ke1 Nxg4 49. fxe6 fxe6 50. Kd1 Ne3+ 51. Ke1 d3 52. Nd2 Nc4 53.
Ne4 d2+ 54. Nxd2 Rxd2 55. Kf1 Nxe5 56. Ke1 Nf3+ 57. Kf1 Nd4 58. Ke1 Nb3 59. Kf1
e5 60. Ke1 e4 61. Kf1 e3 62. Ke1 Nd4 0-1

[Event "Mechanics' Spring TNM; G/2 d5"]
[Site "San Francisco"]
[Date "2018.03.27"]
[Round "2.41"]
[White "Enkhjargal, Gabriel"]
[Black "Lama, Tony"]
[Result "0-1"]
[WhiteElo "1574"]
[BlackElo "1167"]
[PlyCount "36"]
[EventDate "2018.??.??"]
[Source "ChessBase"]
[SourceDate "2007.09.04"]

1. d4 d5 2. c4 Nc6 3. Nf3 Bg4 4. Nc3 Bxf3 5. exf3 Nf6 6. Bg5 e6 7. cxd5 exd5 8.
Bb5 Be7 9. Qb3 O-O 10. Bxf6 Bxf6 11. Nxd5 Nxd4 12. Nxf6+ Qxf6 13. Qc4 Qe5+ 14.
Kd2 Nxb5 15. Rhe1 Rad8+ 16. Kc2 Qf5+ 17. Kb3 Nd4+ 18. Kc3 Qc2+ 0-1

[Event "Mechanics' Winter TNM; G/2 d5"]
[Site "San Francisco"]
[Date "2018.02.06"]
[Round "5.52"]
[White "Enkhjargal, Gabriel"]
[Black "Olson, David R"]
[Result "0-1"]
[WhiteElo "911"]
[BlackElo "1400"]
[PlyCount "44"]
[EventDate "2018.??.??"]
[Source "ChessBase"]
[SourceDate "2007.09.04"]

1. e4 e5 2. Nf3 Nc6 3. Bc4 Nf6 4. Ng5 d5 5. exd5 Nxd5 6. Nxf7 Kxf7 7. Qf3+ Ke6
8. Nc3 Ncb4 9. d3 Nxc2+ 10. Kd1 c6 11. Kxc2 b5 12. Bb3 b4 13. Nxd5 cxd5 14. Re1
Bb7 15. Qg4+ Kf7 16. Qf5+ Qf6 17. Qxf6+ gxf6 18. Bd2 Bd6 19. Rac1 a5 20. a4
bxa3 21. bxa3 a4 22. Ba2 Bxa3 {and later 0-1. Remaining moves unavailable.} 0-1

[Event "Mechanics' Summer TNM; G/2 d/5"]
[Site "San Francisco"]
[Date "2018.06.12"]
[Round "3.30"]
[White "Enkhjargal, Gabriel"]
[Black "Robeal, Rafik"]
[Result "0-1"]
[WhiteElo "954"]
[BlackElo "1673"]
[PlyCount "46"]
[EventDate "2018.??.??"]
[Source "ChessBase"]
[SourceDate "2007.09.04"]

1. d4 d5 2. c4 c6 3. Nc3 dxc4 4. e4 b5 5. a4 a6 6. e5 e6 7. axb5 Bb4 8. bxc6
Nxc6 9. Bxc4 Qxd4 10. Qxd4 Nxd4 11. Bd3 Bb7 12. Nge2 Bxg2 13. Nxd4 Bxh1 14.
Bb5+ axb5 15. Rxa8+ Bxa8 16. Ndxb5 Kd7 17. Bd2 Ne7 18. Na2 Bxd2+ 19. Kxd2 Rb8
20. Nac3 Bc6 21. Nd6 Rxb2+ 22. Ke3 Nf5+ 23. Nxf5 exf5 0-1

[Event "Mechanics' Bedjanian TNM; G/2 d/5"]
[Site "San Francisco"]
[Date "2018.11.27"]
[Round "6.44"]
[White "Enkhjargal, Gabriel"]
[Black "Soffer, Josiah"]
[Result "1-0"]
[WhiteElo "1007"]
[BlackElo "847"]
[PlyCount "61"]
[EventDate "2018.??.??"]
[Source "ChessBase"]
[SourceDate "2007.09.04"]

1. d4 d5 2. c4 dxc4 3. e3 Nf6 4. Bxc4 Bf5 5. Nc3 Nc6 6. e4 Nxe4 7. Nxe4 Bxe4 8.
d5 Ne5 9. Qa4+ Nd7 10. Bb5 c6 11. dxc6 bxc6 12. Bxc6 Bxc6 13. Qxc6 Rc8 14. Qb5
e5 15. Nf3 Rc5 16. Qb3 e4 17. Ng5 Rf5 18. g4 Rf6 19. Nxe4 Re6 20. f3 Nc5 21.
Qb5+ Nd7 22. Bd2 Rb6 23. Qa4 Rxb2 24. O-O g6 25. Rfe1 Be7 26. Nf6+ Kf8 27.
Nxd7+ Kg8 28. Bc3 Rb7 29. Rad1 Qc7 30. Qd4 h6 31. Qxh8# 1-0

[Event "Mechanics' Winter TNM; G/2 d5"]
[Site "San Francisco"]
[Date "2018.02.27"]
[Round "8.50"]
[White "Enkhjargal, Gabriel"]
[Black "Tabatabai, Ashkon"]
[Result "1-0"]
[WhiteElo "911"]
[BlackElo "1190"]
[PlyCount "39"]
[EventDate "2018.??.??"]
[Source "ChessBase"]
[SourceDate "2007.09.04"]

1. e4 e5 2. Nf3 Nc6 3. Bc4 Bc5 4. d3 h6 5. Nc3 Nf6 6. b3 Ng4 7. O-O d6 8. Bb2
Be6 9. Bxe6 fxe6 10. h3 Nf6 11. Na4 Bd4 12. Nxd4 exd4 13. c3 g6 (13... b5) 14.
cxd4 Nh5 15. d5 Ne5 16. d4 Nf7 17. dxe6 Ng5 18. d5 Nxe4 19. Qf3 Nd2 20. Qf7#
1-0

[Event "Mechanics' Winter TNM; G/2 d5"]
[Site "San Francisco"]
[Date "2018.01.16"]
[Round "2.49"]
[White "Enkhjargal, Gabriel"]
[Black "Wingenroth, Jordan"]
[Result "0-1"]
[WhiteElo "911"]
[BlackElo "1400"]
[Annotator " Donaldson"]
[PlyCount "56"]
[EventDate "2018.??.??"]
[Source "ChessBase"]
[SourceDate "2007.09.04"]

1. e4 e5 2. Nf3 Nc6 3. Bc4 Bc5 4. d3 Nf6 5. Nc3 O-O 6. Bg5 h6 7. Bh4 Be7 8. Nd5
$2 Nxd5 9. Bxd5 (9. exd5) 9... Bxh4 10. d4 d6 11. Bxc6 bxc6 12. dxe5 Bg4 13. h3
Bxf3 14. Qxf3 dxe5 15. O-O Qd7 16. Rad1 Qe6 17. Rd2 Rfd8 18. Re2 Qxa2 19. Qh5
Bf6 20. f4 Qxb2 21. Ref2 Qd4 22. fxe5 Qxe5 23. Qxe5 Bxe5 24. Rxf7 Rf8 25. Re7
Rxf1+ (25... Bh2+) 26. Kxf1 Bd6 27. Rd7 a5 28. e5 Bxe5 0-1

[Event "Mechanics' Winter TNM; G/2 d5"]
[Site "San Francisco"]
[Date "2018.01.09"]
[Round "1.14"]
[White "Erdenebileg, Matthew"]
[Black "Davies, Vinzent J"]
[Result "0-1"]
[WhiteElo "1450"]
[BlackElo "2015"]
[PlyCount "26"]
[EventDate "2018.??.??"]
[Source "ChessBase"]
[SourceDate "2007.09.04"]

1. e4 c6 2. d4 d5 3. e5 c5 4. c3 Nc6 5. f4 Bf5 6. Nf3 e6 7. Nbd2 Qb6 8. Nb3 a5
9. a4 Nh6 10. Be2 Be4 11. Bb5 Nf5 12. Bxc6+ bxc6 13. Nbd2 Ne3 0-1

[Event "Mechanics' Spring TNM; G/2 d5"]
[Site "San Francisco"]
[Date "2018.04.17"]
[Round "5.36"]
[White "Erdenebileg, Matthew"]
[Black "Mercado, Adam"]
[Result "1-0"]
[WhiteElo "1477"]
[BlackElo "1810"]
[PlyCount "55"]
[EventDate "2018.??.??"]
[Source "ChessBase"]
[SourceDate "2007.09.04"]

1. e4 e5 2. Nf3 Nc6 3. Bc4 Nf6 4. d3 d5 5. exd5 Nxd5 6. O-O Bg4 7. h3 Bh5 8.
Bd2 Bc5 9. Nc3 Nxc3 10. Bxc3 Bd4 11. Bb5 Bxc3 12. bxc3 Qf6 13. Re1 O-O 14. Bxc6
bxc6 15. d4 Bxf3 16. Qxf3 Qxf3 17. gxf3 f5 18. Rxe5 f4 19. Rb1 Rab8 20. Rxb8
Rxb8 21. Rc5 Rb6 22. Ra5 a6 23. Kf1 Kf7 24. Rf5+ Ke6 25. Rxf4 Rb2 26. Re4+ Kd5
27. Re5+ Kc4 28. Rc5# 1-0

[Event "Mechanics' Winter TNM; G/2 d5"]
[Site "San Francisco"]
[Date "2018.01.23"]
[Round "3.51"]
[White "Erdenebileg, Matthew"]
[Black "Otterbach, Renate"]
[Result "1/2-1/2"]
[WhiteElo "1450"]
[BlackElo "1166"]
[PlyCount "37"]
[EventDate "2018.??.??"]
[Source "ChessBase"]
[SourceDate "2007.09.04"]

1. e4 e6 2. d4 d5 3. Nc3 c5 4. dxc5 Bxc5 5. exd5 exd5 6. Qxd5 Qe7+ 7. Qe4 Be6
8. Bb5+ Nc6 9. Bxc6+ bxc6 10. Qxc6+ Bd7+ 11. Qe4 Rc8 12. Qxe7+ Nxe7 13. Nge2
O-O 14. O-O Rc6 15. h3 Ng6 16. Nf4 Rd6 17. Ne4 Rc6 18. Nxc5 Rxc5 19. c3 {
Black later saved the endgame. Remaining moves unavailable.} 1/2-1/2

[Event "Mechanics' Spring TNM; G/2 d5"]
[Site "San Francisco"]
[Date "2018.05.01"]
[Round "7.26"]
[White "Erdenebileg, Matthew"]
[Black "Sherwood, Peter"]
[Result "1/2-1/2"]
[WhiteElo "1477"]
[BlackElo "1651"]
[PlyCount "64"]
[EventDate "2018.??.??"]
[Source "ChessBase"]
[SourceDate "2007.09.04"]

1. e4 c5 2. Nf3 d6 3. d4 cxd4 4. Nxd4 Nf6 5. Nc3 a6 6. Be3 e5 7. Nf3 Be7 8. Be2
O-O 9. O-O Nc6 10. h3 Be6 11. Qd2 d5 12. exd5 Nxd5 13. Nxd5 Qxd5 14. Qxd5 Bxd5
15. Rfd1 Rfd8 16. a3 Be6 17. b4 Rxd1+ 18. Rxd1 f6 19. c3 Rd8 20. Rxd8+ Nxd8 21.
Kf1 Kf7 22. Ke1 Nc6 23. Kd2 Bd5 24. Kc1 Ke6 25. Kd2 b5 26. Kc1 Bd6 27. Kd2 Ne7
28. g4 Ng6 29. h4 Ne7 30. Kc1 Kd7 31. Nd2 Kc6 32. Nf3 Bc7 {draw offer} 1/2-1/2

[Event "Mechanics' Spring TNM; G/2 d5"]
[Site "San Francisco"]
[Date "2018.03.27"]
[Round "2.44"]
[White "Erdenebileg, Matthew"]
[Black "Soffer, Caroline"]
[Result "1-0"]
[WhiteElo "1477"]
[BlackElo "1040"]
[PlyCount "65"]
[EventDate "2018.??.??"]
[Source "ChessBase"]
[SourceDate "2007.09.04"]

1. e4 c5 2. Nf3 g6 3. d4 Bg7 4. dxc5 Nc6 5. Be2 b6 6. cxb6 Qxb6 7. c3 d6 8. h3
Nf6 9. Qc2 d5 10. Nbd2 O-O 11. exd5 Nxd5 12. Ne4 f5 13. Neg5 h6 14. Bc4 Qc5 15.
Qd3 Rd8 16. Be3 Qd6 17. Rd1 e6 18. Bxd5 exd5 19. h4 hxg5 20. Bxg5 Re8+ 21. Kf1
Nb4 22. cxb4 Ba6 23. b5 Bb7 24. b3 Rac8 25. h5 Bf6 26. Bxf6 Qxf6 27. hxg6 a6
28. Qd4 Qxd4 29. Nxd4 axb5 30. Nxf5 Rc2 31. g7 Kf7 32. Rh8 Rg8 33. Nd6+ 1-0

[Event "Mechanics' Winter TNM; G/2 d5"]
[Site "San Francisco"]
[Date "2018.02.20"]
[Round "7.48"]
[White "Erdenebileg, Matthew"]
[Black "Tabatabai, Ashkon"]
[Result "1-0"]
[WhiteElo "1450"]
[BlackElo "1190"]
[PlyCount "87"]
[EventDate "2018.??.??"]
[Source "ChessBase"]
[SourceDate "2007.09.04"]

1. e4 e5 2. Nf3 Nc6 3. Bc4 h6 4. d3 Nf6 5. Nc3 Bb4 6. Bd2 Bxc3 7. Bxc3 d5 8.
exd5 Nxd5 9. Bxd5 Qxd5 10. h3 O-O 11. O-O Qe6 12. Re1 Qg6 13. Kh2 Ne7 14. Nxe5
Qg5 15. Kh1 Nf5 16. Nf3 Qg6 17. Ne5 Qg5 18. Qg4 Qxg4 19. Nxg4 h5 20. Nh2 Nd6
21. Nf3 Bf5 22. Nd4 Rfe8 23. Nxf5 Nxf5 24. Kg1 g5 25. Kf1 g4 26. hxg4 hxg4 27.
Rxe8+ Rxe8 28. Re1 Rxe1+ 29. Kxe1 Nh4 30. g3 Nf5 31. Ke2 Kh7 32. d4 Nd6 33. Kd3
Kg6 34. Bd2 Kf5 35. Be3 b6 36. b3 c5 37. dxc5 bxc5 38. Bxc5 Ne4 39. Bxa7 Ke5
40. Be3 f5 41. a4 Nd6 42. Bf4+ Kd5 43. Bxd6 Kxd6 44. a5 1-0

[Event "Mechanics' Winter TNM; G/2 d5"]
[Site "San Francisco"]
[Date "2018.02.27"]
[Round "8.31"]
[White "Erickson, Lane"]
[Black "Agdamag, Samuel"]
[Result "1-0"]
[WhiteElo "1588"]
[BlackElo "1448"]
[Annotator "Donaldson"]
[PlyCount "103"]
[EventDate "2018.??.??"]
[Source "ChessBase"]
[SourceDate "2007.09.04"]

1. g4 d5 2. Bg2 Bxg4 3. c4 Nf6 (3... dxc4 4. Bxb7 Nd7) 4. cxd5 c6 5. Nc3 Qc7 (
5... cxd5 6. Qb3 Nc6 7. Nxd5 Qd7) 6. Qb3 e6 7. f3 Bf5 8. e4 Bg6 9. dxe6 fxe6
10. Qxe6+ Be7 11. d4 Bf7 12. Qe5 (12. Qh3) 12... Qxe5 13. dxe5 Nfd7 14. f4 Bc4
(14... Nc5) 15. b3 Bh4+ 16. Kd2 Bf7 17. Nf3 Be7 18. Bh3 Bh5 19. Nd4 Bb4 20. Ne6
Bxc3+ 21. Kxc3 Bf3 22. Rf1 Bxe4 23. Nc7+ Kd8 24. Nxa8 Na6 25. Rd1 Bd5 26. e6
Nf6 27. e7+ Kxe7 28. Ba3+ Kf7 29. Bf1 Rxa8 30. Bc4 (30. Bxa6 bxa6 31. Re1 Ne4+
32. Kd4) 30... Nc7 31. Re1 b5 (31... Re8 32. Rxe8 Nfxe8 33. Re1) 32. Re7+ Kg6
33. Bd3+ Be4 34. Bxe4+ Nxe4+ 35. Rxe4 Kf5 36. Kd3 Nd5 37. Rf1 Rd8 38. Re5+ Kf6
39. Re4 Nb4+ 40. Ke2 Nd5 41. Bb2+ Kf7 42. Rg1 g6 43. f5 Ne7 44. fxg6+ Nxg6 45.
Rf1+ Kg8 46. Re6 c5 47. Rc6 Re8+ 48. Kd2 Rd8+ 49. Kc2 c4 50. Rc7 cxb3+ 51. axb3
Ne7 52. Rxe7 1-0

[Event "Mechanics' Spring TNM; G/2 d5"]
[Site "San Francisco"]
[Date "2018.05.08"]
[Round "8.26"]
[White "Erickson, Lane"]
[Black "Quang, Danny"]
[Result "1/2-1/2"]
[WhiteElo "1588"]
[BlackElo "1702"]
[Annotator "Donaldson"]
[PlyCount "130"]
[EventDate "2018.??.??"]
[Source "ChessBase"]
[SourceDate "2007.09.04"]

1. e4 d5 2. exd5 Qxd5 3. Nc3 Qd8 4. Bc4 Nf6 5. d3 Bf5 6. Nge2 e5 7. Bg5 c6 8.
Ng3 Bg6 9. Qe2 Nbd7 10. O-O-O Be7 11. d4 $1 exd4 12. Rxd4 O-O {Diagram [#]} 13.
Re1 $2 (13. Rhd1 $1 {threatening Bxf6 and Rxd7} Qe8 14. Rxd7 $1) 13... Bc5 14.
Rd2 (14. Bxf6 gxf6 15. Rd2) 14... Qc7 15. a3 $2 {Creating a target.} Qa5 16.
Qd1 Bxa3 $1 (16... b5 {intending ...b4 was also good.}) 17. Bxf6 Nxf6 18. Nb1
Bc5 19. c3 Qb6 20. f4 Be3 $2 (20... Bf2 $1 21. f5 Bxe1 22. Qxe1 Bh5 $19) 21. f5
Rad8 (21... Bxd2+ 22. Nxd2 {
and the bishop is trapped as the queen still protects h5.}) 22. fxg6 Bxd2+ 23.
Nxd2 hxg6 24. Qc2 Nd5 25. Qb3 Qxb3 26. Nxb3 Nf4 27. Ne2 (27. Re7) 27... Nxe2+ (
27... Nxg2) 28. Bxe2 Rfe8 29. Na5 Re7 30. Rd1 Rxd1+ 31. Kxd1 f5 32. Bd3 Kf7 33.
Kd2 Kf6 34. b4 g5 35. Nc4 g6 36. Nd6 b6 37. g4 f4 $2 (37... Rd7 38. Nc4 Rh7 $19
) 38. Ne4+ Kg7 39. Nxg5 $11 a5 40. bxa5 bxa5 41. Bc2 Re5 42. h4 Re3 43. Ba4 c5
44. Bd7 Kf6 45. Bc6 Ke7 46. h5 gxh5 47. gxh5 Re5 48. Nh3 Rxh5 49. Nxf4 Rh7 50.
Kd3 Kd6 51. Bb5 Rh4 52. Ng2 Rh3+ 53. Kc4 Rf3 54. Ne1 Rf8 55. Kb3 Rf2 56. Nd3
Rf3 57. Nb2 Rf8 58. Nc4+ Kc7 59. Nb2 (59. Nxa5 $2 Kb6) 59... Rf4 60. Ba4 Kb7
61. Bb5 Kb6 62. Ba4 Kb7 63. Nc4 Ka6 64. Nd6 Rh4 65. Bb5+ Kb6 1/2-1/2

[Event "Mechanics' Spring TNM; G/2 d5"]
[Site "San Francisco"]
[Date "2018.04.10"]
[Round "4.41"]
[White "Erickson, Lane Aus"]
[Black "Allen, Tom Carter"]
[Result "1-0"]
[WhiteElo "1588"]
[BlackElo "1400"]
[Annotator "Donaldson"]
[PlyCount "79"]
[EventDate "2018.??.??"]
[Source "ChessBase"]
[SourceDate "2007.09.04"]

1. h3 e5 2. e4 Nf6 3. Nc3 Nc6 4. Nf3 Be7 5. Bb5 a6 6. Bxc6 dxc6 7. Nxe5 Nxe4 8.
Nxf7 $2 (8. Nxe4 Qd4) 8... Nxc3 9. Qh5 Qd5 $1 10. Qxd5 Nxd5 11. Nxh8 Be6 12.
O-O O-O-O 13. Re1 Kd7 14. b3 Rxh8 15. Bb2 {
Black should hang on to his bishop pair.} Bf6 $6 (15... Rg8 {
intending ...g5-g4 or}) (15... Nb4) 16. Bxf6 Nxf6 17. Re3 Re8 18. Rd3+ Kc8 19.
Re3 Bd5 {The trade of rooks helps White.} 20. c4 Rxe3 21. dxe3 Bf7 22. Rd1 c5
23. f3 c6 24. e4 b5 25. e5 Ne8 26. cxb5 cxb5 27. f4 g6 28. g4 c4 29. b4 Nc7 30.
f5 gxf5 31. gxf5 Bd5 32. Kf2 Be4 33. f6 c3 $2 ({Black has played very well to
this point but here he falters. Blocking out White's rook was essential.} 33...
Bd3 $1 {with the idea} 34. f7 Ne6) 34. Ke3 $6 (34. f7 $1 Ne6 35. Rd6 $1 {
winning.}) 34... Bg6 $6 (34... c2 $1 35. Rf1 Bg6 36. Kd2 Ne6 37. f7 Nf8 38. Rf6
Kd7 39. Rxa6 Ke7 40. Ra7+ Ke6 41. Rb7 Be4 42. Rxb5 Kxf7 {
and Black has decent chances to save the game.}) 35. Kd4 $6 (35. Rd6 $1 Bf7 36.
Kd3) 35... c2 36. Rc1 Ne6+ $6 (36... Kd7 {
and with White's pawns blockaded Black is clearly better.}) 37. Kd5 $2 Nf4+ $4
{Tempting but wrong. Correct is} (37... Kd7 $1 {
activating the king and only then ...Nf4+.}) 38. Kd6 Ne2 39. Rxc2+ $1 Bxc2 40.
f7 1-0

[Event "Mechanics' Spring TNM; G/2 d5"]
[Site "San Francisco"]
[Date "2018.04.24"]
[Round "6.24"]
[White "Erickson, Lane Aus"]
[Black "Drane, Robert"]
[Result "1-0"]
[WhiteElo "1588"]
[BlackElo "1800"]
[PlyCount "71"]
[EventDate "2018.??.??"]
[Source "ChessBase"]
[SourceDate "2007.09.04"]

1. g4 d5 2. Bg2 e5 3. c4 c6 4. cxd5 cxd5 5. Qb3 Ne7 6. Nc3 Nbc6 7. Nxd5 Nd4 8.
Qc4 Nec6 (8... Nxd5 9. Bxd5 Be6 10. Bxe6 fxe6 {
and the threat of ...Rc8 is awkward for White.}) 9. e3 b5 10. Qc3 Be6 11. Nc7+
Qxc7 12. exd4 Rc8 13. d5 Nd4 14. Qxc7 (14. dxe6 $1) 14... Rxc7 15. dxe6 Nc2+
16. Kd1 Nxa1 17. exf7+ Kd7 $2 (17... Kxf7) 18. Be4 Bb4 19. Ne2 Be7 20. b4 Rhc8
21. Bf5+ Kd6 22. Bxc8 Rxc8 23. Nc3 a5 24. Ba3 Ke6 25. Bb2 axb4 26. Bxa1 $6 (26.
Nxb5 Nc2 27. f4 $1) 26... bxc3 27. Bxc3 b4 28. Bb2 Rf8 $2 (28... Rc4) 29. Re1
Rxf7 30. Rxe5+ Kd6 31. Rf5 Rxf5 32. gxf5 Bf6 33. Bxf6 gxf6 34. f4 Kd5 35. Kc2
Kd4 36. Kb3 1-0

[Event "Mechanics' Spring TNM; G/2 d5"]
[Site "San Francisco"]
[Date "2018.03.27"]
[Round "2.37"]
[White "Erickson, Lane Aus"]
[Black "Isenberger, Stefan"]
[Result "1-0"]
[WhiteElo "1588"]
[BlackElo "1272"]
[PlyCount "55"]
[EventDate "2018.??.??"]
[Source "ChessBase"]
[SourceDate "2007.09.04"]

1. e4 e5 2. Nf3 Nc6 3. Bc4 Nf6 4. Ng5 d5 5. exd5 Na5 6. Bb5+ c6 7. dxc6 bxc6 8.
Be2 h6 9. Nf3 e4 10. Ne5 Qd5 11. Ng4 Nxg4 12. Bxg4 f5 13. Bh5+ g6 14. Bxg6+ Kd8
15. Qh5 Bc5 16. O-O Ba6 17. d3 exd3 18. cxd3 Bxd3 19. Rd1 Kc7 20. Bf4+ Kb6 21.
Nc3 Bxf2+ 22. Kxf2 Qc4 23. Be3+ Ka6 24. Bf7 Qb4 25. Rxd3 Qxb2+ 26. Qe2 Qxe2+
27. Kxe2 Rhf8 28. Rd7 1-0

[Event "Mechanics' Bedjanian TNM; G/2 d/5"]
[Site "San Francisco"]
[Date "2018.10.30"]
[Round "2.34"]
[White "Francis, Daniel"]
[Black "Adams, Sophie"]
[Result "1-0"]
[WhiteElo "1594"]
[BlackElo "1403"]
[PlyCount "103"]
[EventDate "2018.??.??"]
[Source "ChessBase"]
[SourceDate "2007.09.04"]

1. d4 d5 2. Bf4 Nf6 3. e3 c5 4. c3 e6 5. Nf3 Nc6 6. Nbd2 Be7 7. Ne5 O-O 8. Bd3
Nxe5 9. dxe5 Nd7 10. h4 f6 11. Nf3 fxe5 12. Nxe5 Nxe5 13. Bxe5 Bf6 14. Qh5 h6
15. Bf4 e5 16. Bxe5 Bxe5 17. Qxe5 b6 18. Qg3 Qf6 19. Rf1 Be6 20. Qg6 Qxg6 21.
Bxg6 d4 22. e4 dxc3 23. bxc3 Bc4 24. Rh1 Rad8 25. Rh3 Rd6 26. Bh5 Rdf6 27. Rf3
Rxf3 28. Bxf3 Rd8 29. Be2 Bf7 30. a3 Kf8 31. Rd1 Rxd1+ 32. Kxd1 Ke7 33. Kd2 a5
34. Bb5 Kf6 35. f4 g6 36. Ke3 Be6 37. Kf3 Bc8 38. g3 Bb7 39. Ke3 Ke6 40. g4 Kf6
41. e5+ Ke7 42. f5 gxf5 43. gxf5 Bd5 44. Kf4 Kf7 45. Kg4 Kg7 46. Be2 Bb3 47.
Kh5 Bf7+ 48. Kg4 Bb3 49. f6+ Kf7 50. Kh5 Ke6 51. Kxh6 Kxe5 52. Kg7 1-0

[Event "Mechanics' Summer TNM; G/2 d5"]
[Site "San Francisco"]
[Date "2018.07.10"]
[Round "7.19"]
[White "Francis, Daniel"]
[Black "Babayan, Gagik"]
[Result "0-1"]
[WhiteElo "1558"]
[BlackElo "1752"]
[PlyCount "112"]
[EventDate "2018.??.??"]
[Source "ChessBase"]
[SourceDate "2007.09.04"]

1. e4 c5 2. Nc3 a6 3. f4 e6 4. Nf3 d5 5. d3 Nc6 6. g3 g6 7. Bg2 d4 8. Ne2 Bd7
9. O-O Bg7 10. Re1 Nge7 11. Rf1 O-O 12. Bd2 b5 13. Qc1 Rc8 14. g4 f5 15. g5
fxe4 16. dxe4 e5 17. Nh4 c4 18. Qe1 d3 19. cxd3 cxd3 20. Nc1 Be6 21. Qg3 Qd4+
22. Be3 exf4 23. Bxd4 fxg3 24. Rxf8+ Rxf8 25. Bxg7 d2 26. Nb3 gxh2+ 27. Kxh2
Bxb3 28. axb3 Kxg7 29. Nf3 Rd8 30. Rd1 Nd4 31. Nxd4 Rxd4 32. Kg3 Nc6 33. Kf2
Na5 34. b4 Nb3 35. e5 Kf7 36. Bb7 Ke6 37. Bxa6 Kxe5 38. Bxb5 Rxb4 39. Bd3 Kf4
40. Bc2 Kxg5 41. Bxb3 Rxb3 42. Rxd2 h5 43. Rd5+ Kf4 44. Rd4+ Ke5 45. Rd2 g5 46.
Rc2 h4 47. Rc5+ Kf4 48. Rc4+ Kf5 49. Rc5+ Kg4 50. Rc4+ Kh5 51. Rc2 h3 52. Kg1
g4 53. Kh2 Kh4 54. Rd2 Re3 55. b4 g3+ 56. Kg1 Re1# 0-1